1611 1602 1523 1788 1702 1466 1969 1796 1913 1246 1122 1325 1005 1075 1028 1678 1676 1897 1129 1985 1431 1679 1760 1214 1473 1521 1572 1779 1983 1047 1902 1650 1005 1776 1229 1965 1211 1059 1117 1643 1734 1186 1009 1884 1820 1001 1657 1298 1197 1796 1835 1087 1403 1017 1420 1111 1824 1460 1263 1824 1275 1805 1478 1594 1177 1102 1149 1059 1337 1073 1737 1912 1482 1392 1716 1829 1042 1923 1737 1196 1906 1928 1489 1608 1063 1584 1866 1359 1868 1093 1968 1575 1556 1530 1014 1207 1024 1976 1121 BCNSPRNW ULIB Ver.6.0+V

เปลี่ยนเป็นภาษาไทย

Change to English
 แสดงรายละเอียดบรรณานุกรม
  กลับหน้าหลัก

Brief Record : Get Marc (ISO 2709) : E-mail record : QR code < ปิดหน้าต่าง
LEADER : 00000nam 2200000uu 4500
001    13399123170
003     ULIB
008    130709s2551||||th 000 0 tha d
020    ^a9789740466680
090    ^aนว.^bS788
100 0  ^aStanley
245 00 ^aยุ่งนักเจอรักนายเจ้าพ่อ/^cStanley&Waraporn
250    ^aพิมพ์ครั้งที่ 1
260    ^aกรุงเทพฯ :^bนกฮูก,^c2551
300    ^a173หน้า
700 0  Waraporn
710 1  ^aนกฮูก
945    ^p149^l0^i20318
995    ^aทศพร
999    ^aทศพร เกษรทอง
รายการนี้ยังไม่มีแท็ก
คุณยังไม่ได้ล็อกอิน คุณสามารถมีกิจกรรมร่วมกับเว็บไซต์ได้ แต่ต้องล็อกอินก่อน ::
  ล็อกอิน

รายการสื่อสารสนเทศ

ลำดับที่ ประเภท เลขเรียก/บาร์โค้ด สถานที่ สถานะ
1. นวนิยาย
นวนิยาย
นว. S788 ฉ.1 
  Barcode: 20318
ห้องสมุดวิทยาเขตนครสวรรค์
►นวนิยาย:l:Fiction
บนชั้น

รายการใกล้เคียง
    ผู้แต่ง [Stanley]

BibComment


ยังไม่เคยถูกคอมเมนท์

คอมเมนท์ทรัพยากรรายการนี้
  คอมเมนท์: ยุ่งนักเจอรักนาย..


 Copyright 2026. Bcnsprnw @Library